Countries of Most Populated Capitals - Statistics

General Stats
  • This quiz has been taken 3,163 times
  • The average score is 17 of 20
Answer Stats
Capital City Country % Correct
Beijing China
97%
Tokyo Japan
96%
London United Kingdom
96%
Paris France
94%
Mexico City Mexico
94%
Moscow Russia
94%
Jakarta Indonesia
93%
Washington, D.C United States
92%
Cairo Egypt
90%
Buenos Aires Argentina
87%
Tehran Iran
84%
Dhaka Bangladesh
82%
Bangkok Thailand
82%
Manila Philippines
81%
Seoul South Korea
81%
Bogotá Colombia
76%
Kinshasa D.R. Congo
74%
Lima Peru
72%
Kuala Lumpur Malaysia
67%
Taipei Taiwan
54%
No matching quizzes found
Score Distribution
Percent of People with Each Score
Percentile by Number Answered
Your Score History
You have not taken this quiz